000
00389nam a2200133Ia 4500
008
100328s9999 xx 000 0 und d
082
_b
49743
100
_a
दुर्वे लालू
245
_a
कॅाल ऑफ टायगर.
260
_b
आरती
630
_a
कॅाल ऑफ टायगर.
730
_a
कॅाल ऑफ टायगर.
942
_c
BOOK
999
_c
537006
_d
537003